| 000 | 00385nam a22001577a 4500 | ||
|---|---|---|---|
| 020 | _a9789364875929 | ||
| 082 |
_aM3 _bSHA/I |
||
| 100 | _aShamsudeen Kuttothu | ||
| 245 |
_aIreechalkappu/ _cby Shamsudeen Kuttothu |
||
| 260 |
_aKottayam: _bDC Books, _c2024. |
||
| 300 | _a317p. | ||
| 650 | _aNovel Malayalam | ||
| 650 | _aLiterature Malayalam | ||
| 650 | _aLiterature | ||
| 942 | _cBK | ||
| 999 |
_c181932 _d181932 |
||